Cuadernos de infancia

Guardat en:
Dades bibliogràfiques
Autor principal: Lange, Norah (Autor)
Format: Llibre
Idioma:espanyol
Publicat: Buenos Aires Losada 2008
Edició:1a. ed
Col·lecció:Biblioteca Clásica y Contemporánea, 123
Matèries:
Etiquetes: Afegir etiqueta
Sense etiquetes, Sigues el primer a etiquetar aquest registre!

MARC

LEADER 00000cam a2200000 a 4500
001 UCC2880
003 CL-VaPUC
008 180323e20080000ag |||||||||||||||||spa|d
020 |a 9789500300797 
082 0 4 |a Ar863  |b LAN  |2 21 
100 |a Lange, Norah  |e author  |9 596882 
245 1 0 |a Cuadernos de infancia 
250 |a 1a. ed 
300 |a 177 p 
942 |c BK 
945 |d 20180323 15:33:00  |a arojas 
260 |a Buenos Aires  |b Losada  |c 2008 
650 0 |a Novelas argentinas  |9 267871 
650 0 |a Literatura argentina  |9 320596 
650 0 |a Literatura infantil   |9 307465 
583 |a last modification  |c 20180323 15:33:00  |k Rodrigo Vera 
490 0 |a Biblioteca Clásica y Contemporánea, 123 
999 |c 370793  |d 370791 
952 |0 0  |1 0  |3 erb  |4 0  |6 AR_863_000000000000000_LAN_2008  |7 0  |8 A  |9 487444  |a BIBEDU  |b BIBEDU  |i 5458943  |o Ar863 LAN 2008  |p 5458943  |r 2019-11-24  |w 2019-11-24  |y BK  |z Catalogado en:20180323  |k LIT